LEADER 02820oas 2200925 a 450 001 9910689765103321 005 20251105213014.0 011 $a1942-3187 035 $a(OCoLC)47991420 035 $a(CONSER) 2007228534 035 $a(CKB)1000000000392646 035 $a(EXLCZ)991000000000392646 100 $a20010919b19902012 sa a 101 0 $aeng 135 $aur||||||||||| 181 $ctxt$2rdacontent 182 $cc$2rdamedia 183 $acr$2rdacarrier 200 10$aBackground notes 210 $a[Washington, D.C.] $c[U.S. Dept. of State, Bureau of Public Affairs, Office of Public Communications] 215 $a1 online resource (volumes) 311 08$a1942-3195 330 $a"These publications include facts about the land, people, history, government, political conditions, economy, and foreign relations of independent states, some dependencies, and areas of special sovereignty. The Background Notes are updated/revised by the Office of Electronic Information and Publications of the Bureau of Public Affairs as they are received from the Department's regional bureaus and are added to the database of the Department of State website ..." 606 $aGeography 606 $aArea studies 606 $aArea studies$2fast$3(OCoLC)fst00814190 606 $aGeography$2fast$3(OCoLC)fst00940469 606 $aDiplomatic relations$2fast$3(OCoLC)fst01907412 607 $aUnited States$xForeign relations 607 $aUnited States$2fast$1https://id.oclc.org/worldcat/entity/E39PBJtxgQXMWqmjMjjwXRHgrq 608 $aPeriodicals.$2fast 615 0$aGeography. 615 0$aArea studies. 615 7$aArea studies. 615 7$aGeography. 615 7$aDiplomatic relations. 676 $a910.5 712 02$aUnited States.$bDepartment of State.$bOffice of Public Communication. 712 02$aUnited States.$bDepartment of State.$bElectronic Information and Publications Office. 801 0$bJAZ 801 1$bJAZ 801 2$bOCLCQ 801 2$bTXU 801 2$bOCLCQ 801 2$bDOS 801 2$bDLC 801 2$bOCLCQ 801 2$bGPO 801 2$bOCLCQ 801 2$bDLC 801 2$bGPO 801 2$bOCLCA 801 2$bOCLCQ 801 2$bOCLCA 801 2$bOCLCF 801 2$bDLC 801 2$bOCL 801 2$bDOS 801 2$bGZN 801 2$bN@F 801 2$bSYB 801 2$bCUS 801 2$bOCLCQ 801 2$bGPO 801 2$bOCLCQ 801 2$bIOG 801 2$bOCLCQ 801 2$bOCLCO 801 2$bOCLCQ 801 2$bS2H 801 2$bOCLCQ 801 2$bOCL 801 2$bOCLCQ 801 2$bIOY 801 2$bOCLCL 801 2$bOCLCQ 906 $aJOURNAL 912 $a9910689765103321 996 $aBackground notes$91177140 997 $aUNINA